|
|
|
|
| LEADER |
00000nab a2200000uu 4500 |
| 001 |
vtls011142253 |
| 003 |
SK-MaSNL |
| 005 |
20260303145719.0 |
| 008 |
230222|1997 xo |||||||||||||||||rus| |
| 015 |
|
|
|a SNBRB
|
| 035 |
|
|
|a (urnnbn)urn:nbn:sk:snk:ar-008d9k
|
| 035 |
|
|
|a (uuid)b436ec06-139c-452e-a603-fbc151f7e3fe
|
| 035 |
|
|
|a urn:nbn:sk:snk-abatry
|
| 040 |
|
|
|a SNKBUCL
|b slo
|c SNKBUCL
|e AACR2
|
| 041 |
0 |
|
|a rus
|
| 044 |
|
|
|a xo
|c SK
|
| 100 |
1 |
|
|a Grešlík, Vladislav,
|d 1953-
|4 aut
|9 199496
|
| 245 |
1 |
0 |
|a Do stanu doteperišnich doslidžen' ikonopisu na Schidnij Slovaččini
|c Vladislav Grešlik
|
| 773 |
0 |
|
|t Pravoslávny teologický zborník
|g Č. 20 (1997), s. 244-278
|
| 958 |
|
|
|a OND
|
| 958 |
|
|
|a EUIPO
|
| 958 |
|
|
|a article14
|
| 999 |
|
|
|c 2004641
|d 2006571
|